000 01057nam a2200301 c 4500
999 _c344534
_d344534
003 BLK
005 20200423140738.0
008 180911b bul|||||r ||||||| ||bul||
010 _a004199
040 _aBLK
041 _aFRE
_cBUL
080 _z886.7.09
100 1 _aDONCEV, Nikolai
_eпърви автор
_9397664
245 0 0 _aInfluences etrangeres dans la litterature bulgare
_nPt. 1
246 _aPt. 1-
_iInfluence allemande
260 _aSofia
_bLa Bulgarie
_c1934 -
_fLa Bulgarie
_g1934
300 _a143 с. : с ил
_c25 см
380 _a82
490 _aЧастна колекция - Академик Михаил Арнаудов
_gДарение - Основен фонд
500 _aАвтограф с текст: A Monsieur Mihail Arnaudoff mon distingue professeur tres cordial hommage N. Doncev
650 _aКритика
_9159735
655 _aбългарско литературознание
_9396216
700 1 _aNicolai Dontchev
_9397665
700 1 _a Pref. de Marcel Brion
_9396934
852 _aМА 948
_bМА
942 _cKNG
_n0
_s1
944 _aCR
_c1996
_kValK
999 _d344534
999 _d344534